States Along the Missouri River - Statistics

General Stats
  • This quiz has been taken 22 times
  • The average score is 6 of 7
Answer Stats
State % Correct
Missouri
100%
Kansas
95%
Iowa
86%
Nebraska
86%
South Dakota
81%
North Dakota
76%
Montana
71%
No matching quizzes found
Score Distribution
Percent of People with Each Score
Percentile by Number Answered
Your Score History
You have not taken this quiz